Business Communication (Record no. 13313)

MARC details
000 -LEADER
fixed length control field 00460nam a22001817a 4500
003 - CONTROL NUMBER IDENTIFIER
control field OSt
008 - FIXED-LENGTH DATA ELEMENTS--GENERAL INFORMATION
fixed length control field 250417b |||||||| |||| 00| 0 eng d
020 ## - INTERNATIONAL STANDARD BOOK NUMBER
International Standard Book Number 9789354642388
082 ## - DEWEY DECIMAL CLASSIFICATION NUMBER
Classification number 658.45 BEB
100 ## - MAIN ENTRY--PERSONAL NAME
Personal name BELL, Arthur and SMITH, Dayle M.
245 ## - TITLE STATEMENT
Title Business Communication
250 ## - EDITION STATEMENT
Edition statement 3rd. ed.,
260 ## - PUBLICATION, DISTRIBUTION, ETC. (IMPRINT)
Place of publication, distribution, etc New Delhi,
Name of publisher, distributor, etc Wiley India Pvt. Ltd.,
Date of publication, distribution, etc 2024,
300 ## - PHYSICAL DESCRIPTION
Extent 638 p.
650 ## - SUBJECT ADDED ENTRY--TOPICAL TERM
Topical term or geographic name as entry element Commerce
700 ## - ADDED ENTRY--PERSONAL NAME
Personal name ISLAM, K M Baharul
942 ## - ADDED ENTRY ELEMENTS (KOHA)
Source of classification or shelving scheme Dewey Decimal Classification
Koha item type Text Books
Holdings
Withdrawn status Lost status Source of classification or shelving scheme Damaged status Not for loan Collection code Home library Current library Date acquired Source of acquisition Currency Cost, normal purchase price Bill Number Total Checkouts Full call number Acc. no. / Barcode Date last seen Actual Cost, discounted price Bill Date Koha item type
    Dewey Decimal Classification     B.Com. Hons PIET NCR College Library PIET NCR College Library 16/04/2025 Zafaa Books & Distributers In Rupees 999.00 ZBD0047   658.45 BEB N3907 17/04/2025 724.28 16/04/2025 Reference Books
    Dewey Decimal Classification     B.Com. Hons PIET NCR College Library PIET NCR College Library 16/04/2025 Zafaa Books & Distributers In Rupees 999.00 ZBD0047   658.45 BEB N3908 17/04/2025 724.28 16/04/2025 Text Books

Design & Developed by: PIET Central Library
R70 Miles Stone Pattikalyana Samalkha Panipat 132102
mail ID :- [email protected], Phone No:- 0180-2569700 Ex.216